| 000 | 00999cam a2200265 4500 | ||
|---|---|---|---|
| 001 | ABS67040 | ||
| 008 | 030930n2003 000 0 eng u | ||
| 035 | _a(Sirsi) u123756 | ||
| 245 | _aGoing underground | ||
| 260 | _c2003 | ||
| 490 |
_aWhich? _vAugust 2003, 42-43(2) |
||
| 520 | _aProvides a consumer's guide to converting cellars to other uses such as a garage, an extra room or a storage space. Advises on the professional help required such as the selection of builders, the rules and regulations that have to be adhered to, the work involved and conversion costs. Gives representative examples of cellar conversions. | ||
| 590 | _aABS | ||
| 650 | _aVENTILATION | ||
| 650 | _aHEATING | ||
| 650 | _aDAMP PROOFING | ||
| 650 | _aPLANNING PERMISSION | ||
| 650 |
_aBUILDING CONTROL _96222 |
||
| 650 |
_aBUILDING REGULATIONS _96224 |
||
| 650 |
_aParty walls _96258 |
||
| 650 | _aHOUSE CONVERSIONS | ||
| 650 | _aCELLARS | ||
| 690 | _aBUILDING AND CONSTRUCTION-PROJECTS | ||
| 942 | _n0 | ||
| 999 |
_c73486 _d73486 |
||